| 000 | 00408 a2200109 4500 | ||
|---|---|---|---|
| 001 | ART_49740 | ||
| 005 | 20260410161936.0 | ||
| 008 | 260409a | ||
| 245 | 1 | 0 | _aEl régimen económico de la Constitución Nacionala la luz de la experiencia histórica |
| 100 | 1 | _aTagle, Manuel | |
| 773 | 0 |
_tAnales de la Academia Nacional de Ciencias Económicas _g- Vol. XXXV, (1990) (ene. 1992) _wREV25596 |
|
| 999 |
_c29048 _d29048 |
||